| 000 | 00313 a2200121 4500 | ||
|---|---|---|---|
| 001 | 63599 | ||
| 082 | _a001.64 RON | ||
| 090 |
_c37594 _d37594 |
||
| 100 | _aRony P.R | ||
| 245 |
_aIntroductory Experiments in digital electronics & 8080A Microcomputer programming _hEnglish |
||
| 260 | _bHoward | ||
| 300 | _a494p | ||
| 942 |
_aCAE NUST _k001.64 RON |
||
| 999 |
_c298672 _d298672 |
||